| Tag |
First Indicator |
Second Indicator |
Subfields |
| LEADER |
00000cgm a2200000Ma 4500 |
| 001 |
in00005536613 |
| 006 |
m o c |
| 007 |
cr |na---||a|a |
| 007 |
vz |za|z| |
| 008 |
140428s2013 nyu003 e o vueng d |
| 005 |
20241201225528.1 |
| 035 |
|
|
|a (OCoLC)ocn890730435
|
| 040 |
|
|
|a ALSTP
|b eng
|e pn
|c ALSTP
|d OCLCO
|d OCLCF
|d OCLCQ
|d OCLCO
|d OCLCA
|d OCLCQ
|d AU@
|d WYU
|d OCLCO
|d OCLCL
|
| 035 |
|
|
|a (OCoLC)890730435
|
| 050 |
|
4 |
|a HF
|
| 049 |
|
|
|a TXAM
|
| 245 |
0 |
2 |
|a A glimpse of Subaru's first-ever hybrid vehicle /
|c produced by Bloomberg.
|
| 260 |
|
|
|a New York :
|b Bloomberg,
|c 2013.
|
| 300 |
|
|
|a 1 online resource (3 min.).
|
| 306 |
|
|
|a 000253
|
| 336 |
|
|
|a two-dimensional moving image
|b tdi
|2 rdacontent
|
| 337 |
|
|
|a computer
|b c
|2 rdamedia
|
| 338 |
|
|
|a online resource
|b cr
|2 rdacarrier
|
| 490 |
0 |
|
|a Business and education in video
|
| 500 |
|
|
|a Title from resource description page (viewed Apr. 28, 2014).
|
| 520 |
|
|
|a Subaru's Tom Doll discusses the company's first-ever hybrid vehicle, the XV Crosstrek, with Pimm Fox on Bloomberg Television's 'Taking Stock.'
|
| 546 |
|
|
|a In English.
|
| 650 |
|
0 |
|a Automobile industry and trade.
|
| 650 |
|
0 |
|a Hybrid electric cars.
|
| 650 |
|
6 |
|a Automobiles
|x Industrie et commerce.
|
| 650 |
|
6 |
|a Automobiles hybrides.
|
| 650 |
|
7 |
|a Automobile industry and trade.
|2 fast
|0 (OCoLC)fst00822961
|
| 650 |
|
7 |
|a Hybrid electric cars.
|2 fast
|0 (OCoLC)fst00964509
|
| 655 |
|
7 |
|a Television news programs.
|2 fast
|0 (OCoLC)fst01710455
|
| 655 |
|
7 |
|a Television news programs.
|2 lcgft
|
| 655 |
|
7 |
|a Téléjournaux.
|2 rvmgf
|
| 700 |
1 |
|
|a Doll, Thomas J.
|4 spk
|
| 700 |
1 |
|
|a Fox, Pimm.
|4 spk
|
| 710 |
2 |
|
|a Bloomberg News (Firm)
|4 pro
|
| 758 |
|
|
|i has work:
|a Glimpse of Subaru's First-Ever Hybrid Vehicle (MovingImage)
|1 https://id.oclc.org/worldcat/entity/E39PD3PbTT6cCm9y4d8jVQhH3P
|4 https://id.oclc.org/worldcat/ontology/hasWork
|
| 856 |
4 |
0 |
|u http://proxy.library.tamu.edu/login?url=https://www.aspresolver.com/aspresolver.asp?BUSV;2332870
|z Connect to this streaming video (Alexander Street Press)
|t 0
|
| 955 |
|
|
|a Alexander Street Press subscription streaming video
|
| 994 |
|
|
|a 92
|b TXA
|
| 999 |
f |
f |
|s 677258fb-0d99-4c2d-8494-542bd7ff8cd1
|i be2a6128-f6e6-4fab-a51d-e9b1eca8bfb2
|t 0
|
| 952 |
f |
f |
|a Texas A&M University
|b College Station
|c Electronic Resources
|d Available Online
|t 0
|e HF
|h Library of Congress classification
|
| 998 |
f |
f |
|a HF
|t 0
|l Available Online
|